000 00934nam a2200289 a 4500
001 56496
003 BD-RjUL
005 20211209080414.0
008 161129s2003 enka b 001 0 eng
020 _a0521826845
020 _a0521534267 (pb.)
035 _a(BD-RjUL)56620
040 _aDLC
_cDLC
_dBD-RjUL
_beng
041 _aeng
082 0 0 _a657
_223
_bCLC 2003
100 1 _aClarke, Frank L.
_9168022
245 1 0 _aCorporate collapse :
_baccounting, regulatory, and ethical failure /
_cFrank Clarke, Graeme Dean, Kyle Oliver.
250 _a2nd ed.
260 _aNew York :
_bCambridge University Press,
_c2003.
300 _axxviii, 383 p. :
_bill. ;
_c24 cm.
504 _aIncludes bibliographical references and index.
650 0 _aAccounting.
_xCorporations
_9168023
650 0 _aBusiness ethics
_9168024
700 1 _aDean, G. W.
_9168025
700 1 _aOliver, K. G.
_q(Kyle Gaius),
_d1965-
_9168026
942 _2ddc
_cBK
999 _c56496
_d56496